00000000nam##2200000za#4500
0019.649059
003CaOODSP
00520220125145841
007ta
008150407|2004||||xxc|||||     f|0| 0 eng|d
020 |a0-660-19171-7
040 |aCaOODSP|beng
043 |an-cn---
0861 |aD61-15/2004E
1101 |aCanada.|bDepartment of National Defence.|bDirectorate of History.
24514|aThe myriad challenges of peace : |bCanadian Forces medical practitioners since the Second World War / |cby Bill Rawling.
260 |aOttawa - Ontario : |bNational Defence. |c2004.
300 |a398p. : |billus., references, index ; |c23 cm.
5203 |aThis book chronicles how health care was organized, practised, and supported within Canada’s fighting services from the first days of peace following the Second World War to the military operations of the end of the twentieth century. It focuses not only on what medical practitioners did, but also on how they were recruited, trained, deployed, and supplied. Author of Death their Enemy: Canadian Medical Practitioners and War, Bill Rawling is a historian with Canada’s Department of National Defence.
563 |aSoftcover
590 |a04-28|b2004-07-09
69007|aPeace|2gcpds
7201 |aRawling, Bill
77508|tLes mille et un défis de la paix : |w(CaOODSP)9.682300
7760#|tThe myriad challenges of peace : |w(CaOODSP)9.699646